Najskromnejší zo všetkých Tónov Anton Mihok, bronzový medailista z majstrovstiev Európy v silovom trojboji

Bibliographic Details
Main Authors: Mihok, Anton (Author), Hanák, Peter (Author)
Format: Article
Language:Slovak
PhysicalDescription:Obr. 2.
Subjects:

MARC

LEADER 00000nab a2200000 a 4500
001 vtls000466580
003 SK-MaSNL
005 20260303001139.0
008 120926c1992 xo 0 slo
015 |a SNBRB19rr/mm-uuuuu 
035 |a CL0466713 
040 |a SNKBUCL  |b slo  |c SNKBUCL  |e AACR2 
041 0 |a slo 
044 |a xo  |c SK 
080 |a 796.88.071  |2 1981 
080 |a 929 Mihok, Anton  |2 1981 
100 1 |a Mihok, Anton  |4 aut  |9 976220 
245 1 0 |a Najskromnejší zo všetkých Tónov  |b Anton Mihok, bronzový medailista z majstrovstiev Európy v silovom trojboji  |c Anton Mihok, Peter Hanák 
300 |b Obr. 2. 
600 1 7 |a Mihok, Anton  |d 1957-  |x majstrovstvá Európy - Horsens - r. 1992 - účasť - hodnotenie  |2 snkbucl  |9 976221 
600 1 7 |a Mihok, Anton  |d 1957-  |2 snkbucl  |9 976222 
655 7 |a články z novín a časopisov  |2 snkbucl  |9 267496 
700 1 |a Hanák, Peter  |4 aut  |9 339394 
773 0 |t Muscle a fitness - FIT-plus  |g Č. 9 (1992), s. 53 
850 |a Slovenská národná knižnica v Martine  |a MTA001 
852 |a SNK  |b KIS3GCP 
958 |a RK 
992 |a RBX 
999 |c 1561908  |d 1563838